00532nam a2200145 a 450000100100000000500170001000800410002702000180006804000250008608200140011124500870012526001040021230000210031650000490033700003011820200930060046.0110429s2008 dr 000 0 spa d a9789264044111 aDO-SdBNPbspacBNPHU axxxbI43r00aInforme sobre las políticas nacionales de educación :bRepública Dominicana. a[Santo Domingo] :bOrganización para la Cooperación y el Desarrollo Económicos (OCDE),c2008. a292 p. ;c25 cm. aIncluye notas y referencias bibliográficas